Principles of Color Design: Designing with Electronic Color (Record no. 12938)

000 -LEADER
fixed length control field 00408 a2200157 4500
003 - CONTROL NUMBER IDENTIFIER
control field OSt
005 - DATE AND TIME OF LATEST TRANSACTION
control field 20240724113400.0
008 - FIXED-LENGTH DATA ELEMENTS--GENERAL INFORMATION
fixed length control field 240724b ||||| |||| 00| 0 eng d
020 ## - INTERNATIONAL STANDARD BOOK NUMBER
International Standard Book Number 9780471287087
082 ## - DEWEY DECIMAL CLASSIFICATION NUMBER
Classification number 701.85
100 ## - MAIN ENTRY--PERSONAL NAME
Personal name Wucius Wong
245 ## - TITLE STATEMENT
Title Principles of Color Design: Designing with Electronic Color
260 ## - PUBLICATION, DISTRIBUTION, ETC. (IMPRINT)
Name of publisher, distributor, etc John Wiley & Sons; 2nd edition
Date of publication, distribution, etc 1996
300 ## - PHYSICAL DESCRIPTION
Extent 210p;
942 ## - ADDED ENTRY ELEMENTS (KOHA)
Source of classification or shelving scheme
Holdings
Withdrawn status Lost status Source of classification or shelving scheme Damaged status Koha normalized classification for sorting Not for loan Permanent location Current location Date acquired Source of acquisition Cost, normal purchase price Full call number Barcode Date last seen Cost, replacement price Price effective from Koha item type
        701_850000000000000   BMS College of Architecture, Design and Planning BMS College of Architecture, Design and Planning 2024-07-24 1 3559.88 701.85 AR-UG4185 2024-07-24 4746.50 2024-07-24 B.Design
Copyright © 2025, The Librarian, Library and Information Centre, BMSCA D&P, Bengaluru. All Rights Reserved
web counter

Powered by Koha